000 01379nam a2200325 i 4500
003 EG-GICUC
005 20260121101537.0
008 251224s1998 ua ||||fr||| 0||| ||ara|d
017 _a9714513
020 _a9770422258
040 _a EG-GICUC
_bara
_c EG-GICUC
_d EG-GICUC
_erda
041 0 _aara
082 0 4 _221
_a345.46
_bأ ن . ت
092 0 4 _221
099 _aLaw1 07 345.46 أ ن . ت 1998
100 0 _aأنور أحمد رسلان.
_eمؤلف.
245 1 0 _aتقارير الكفاية :
_bدراسة لتقويم الأداء الوظيفى فى القانون المقارن وقوانين دول مجلس التعاون الخليجي /
_cأنور أحمد رسلان.
264 1 _aالقاهرة :
_bدار النهضة العربية،
_c1998.
300 _a485 صفحة ;
_c24 سم.
336 _2rda content
_atext
337 _2rda media
_aComputer
338 _2rda carrier
_aOnline Resource
504 _aيحتوي على ارجاعات ببليوجرافية يحتوي على قائمة بالمراجع
546 _aالنص أغلبه باللغة العربية بعض النصوص الإنجليزية والفرنسية
650 1 4 _aتقارير الكفاية
_xالقانون الاداري
_2qrmak
651 1 _2qrmak
856 4 0 _uhttps://fll.law.cu.edu.eg/fulltext/bks/B07-01862.pdf
905 _a75
942 _2ddc
_cBK
_e21
_n0
999 _c52482
_d52482